| 000 | 02245nam a22004937a 4500 | ||
|---|---|---|---|
| 001 | 15408587 | ||
| 003 | OSt | ||
| 005 | 20210421074003.0 | ||
| 008 | 080808s2009 enk b 001 0 eng | ||
| 010 | _a 2008035343 | ||
| 015 |
_aGBA8B6081 _2bnb |
||
| 016 | 7 |
_a101481030 _2DNLM |
|
| 016 | 7 |
_a014771276 _2Uk |
|
| 020 | _a9780415462624 (hbk) | ||
| 020 | _a0415462622 (hbk) | ||
| 020 | _a9780415462631 (pbk.) | ||
| 020 | _a0415462630 (pbk.) | ||
| 035 | _a(OCoLC)ocn181142785 | ||
| 040 |
_aDNLM/DLC _cDLC _dNLM _dBTCTA _dBAKER _dUKM _dOCLNG _dYDXCP _dBWKUK _dDLC |
||
| 041 | _aeng | ||
| 042 | _apcc | ||
| 050 | 0 | 0 |
_aRT90.3 _b.P56 2009 |
| 080 | _a614 P-67 | ||
| 082 | 0 | 0 |
_a610.73 _222 |
| 100 | 1 |
_aPiper, Stewart, _d1961- |
|
| 245 | 1 | 0 |
_aHealth promotion for nurses : _btheory and practice / _cStewart Piper. |
| 260 |
_aLondon ; _aNew York : _bRoutledge, _c2009. |
||
| 300 |
_aviii, 240 p. ; _cill. 24 cm. |
||
| 504 | _aIncludes bibliographical references (p. [211]-234) and index. | ||
| 505 | 0 | _aConcept analysis and the language of theory and practice -- Operational definitions and theory testing criteria -- General health education and health promotion framework review -- Health education and health promotion frameworks and nursing -- Health promotion framework for nursing practice -- The nurse as behaviour change agent -- The nurse as empowerment facilitator : individual action perspective -- The nurse as empowerment facilitator : community action perspective -- The nurse as strategic practitioner. | |
| 650 | 0 | _aHealth promotion. | |
| 650 | 0 |
_aPublic Health _9337 |
|
| 650 | 0 | _aNursing. | |
| 650 | 0 | _aHealth education. | |
| 650 | 1 | 2 | _aHealth Promotion. |
| 650 | 1 | 2 | _aNurse's Role. |
| 653 | _aსაზოგადოებრივი ჯანდაცვა | ||
| 653 | _aჯანსაღი ცხოვრების წესი | ||
| 653 | _aჯანდაცვის განათლება | ||
| 856 | 4 | 1 |
_3Table of contents only _uhttp://www.loc.gov/catdir/toc/ecip0825/2008035343.html |
| 906 |
_a7 _bcbc _corignew _d1 _eecip _f20 _gy-gencatlg |
||
| 942 |
_2udc _cBK |
||
| 999 |
_c709 _d709 |
||